000
00247nam a2200109Ia 4500
008
231011s9999 xx 000 0 und d
041
_a
eng
100
_a
R.Hamilton
245
_a
Mentoring
260
_b
Sterling Pub Ltd ,NewDelhi -
365
_b
95
999
_c
885591
_d
885591